[Event "Regionalliga SW 0910"]
[Site "Bayern"]
[Date "2010.02.07"]
[Round "6.5"]
[White "Weinberger, Wolfgang"]
[Black "Heinrich, Helmut1111"]
[Result "1-0"]
[WhiteElo "2068"]
[BlackElo "1959"]
[PlyCount "45"]
[EventDate "2009.10.18"]
[EventType "team-tourn"]
[EventRounds "9"]
[EventCountry "GER"]
[SourceTitle "EXT 2011"]
[Source "ChessBase"]
[SourceDate "2010.11.26"]
[SourceVersion "1"]
[SourceVersionDate "2010.11.26"]
[SourceQuality "1"]
[WhiteTeam "Garching II"]
[BlackTeam "Klosterlechfeld"]
[WhiteTeamCountry "GER"]
[BlackTeamCountry "GER"]

1. d4 Nf6 2. c4 e6 3. Nc3 Bb4 4. e3 b6 5. Bd3 Bb7 6. f3 Nh5 7. Nh3 Qh4+ 8. Nf2 f5 9. Bd2 Bxc3 10. bxc3 0-0 11. Qe2 Qe7 12. 0-0 d6 13. e4 f4 14. e5 Nd7 15. Ng4 Rae8 16. Rfe1 Qg5 17. Rab1 a5 18. Bc1 Qd8 19. Qc2 g6 20. Ba3 Nb8 21. Bxg6 hxg6 22. Qxg6+ Ng7 23. Nf6+ 1-0

[Event "Regionalliga SW 0809"]
[Site "Bayern"]
[Date "2009.03.29"]
[Round "9.7"]
[White "Weinberger, Wolfgang"]
[Black "Demir, Bilal"]
[Result "1-0"]
[WhiteElo "2039"]
[BlackElo "2083"]
[PlyCount "81"]
[EventDate "2008.10.05"]
[EventType "team-tourn"]
[EventRounds "9"]
[EventCountry "GER"]
[SourceTitle "EXT 2020"]
[Source "ChessBase"]
[SourceDate "2019.10.17"]
[SourceVersion "1"]
[SourceVersionDate "2019.10.17"]
[SourceQuality "1"]
[WhiteTeam "Garching II"]
[BlackTeam "Unterhaching"]
[WhiteTeamCountry "GER"]
[BlackTeamCountry "GER"]

1. Nf3 d5 2. e3 Nf6 3. b3 Bg4 4. Be2 e6 5. Bb2 Bd6 6. 0-0 0-0 7. c4 Nbd7 8. Nc3 c6 9. d4 Qe7 10. Rc1 Rad8 11. Nd2 Bf5 12. c5 Bb8 13. f4 Ne8 14. b4 f6 15. Nb3 b6 16. b5 cxb5 17. c6 a6 18. cxd7 Qxd7 19. Ba3 Bd6 20. Bxd6 Nxd6 21. Bd3 Bxd3 22. Qxd3 b4 23. Nd1 a5 24. Nd2 b5 25. Rf2 f5 26. Nb1 Nc4 27. Qb3 Rb8 28. Re2 Qd6 29. Nf2 h6 30. Nd3 Kh7 31. Nc5 Rf7 32. a3 bxa3 33. Nxa3 Qb6 34. Rb1 Nd6 35. Nxe6 b4 36. Nc5 Qc6 37. Nc2 Ra7 38. Na4 Ne4 39. Ne1 Qf6 40. Nd3 Re8 41. Qxd5 1-0

[Event "Regionalliga SW 0304"]
[Site "Bayern"]
[Date "2003.12.14"]
[Round "4.7"]
[White "Weinberger, Wolfgang"]
[Black "Altmann, Christoph"]
[Result "0-1"]
[WhiteElo "2010"]
[BlackElo "2037"]
[PlyCount "72"]
[EventDate "2003.10.??"]
[EventType "team"]
[EventRounds "9"]
[EventCountry "GER"]
[SourceTitle "EXT 2006"]
[Source "ChessBase"]
[SourceDate "2005.11.24"]
[SourceVersion "1"]
[SourceVersionDate "2005.11.24"]
[SourceQuality "1"]
[WhiteTeam "Garching"]
[BlackTeam "Muenchen Sendling"]
[WhiteTeamCountry "GER"]
[BlackTeamCountry "GER"]

1. e4 e6 2. d3 d5 3. Nd2 Nf6 4. Ngf3 b6 5. e5 Nfd7 6. g3 c5 7. Bg2 Qc7 8. Qe2 Nc6 9. c4 d4 10. 0-0 Bb7 11. Re1 h6 12. h4 Be7 13. Nf1 0-0-0 14. Bf4 Rdg8 15. Qd2 g5 16. hxg5 hxg5 17. Bxg5 Ncxe5 18. Nxe5 Nxe5 19. Rxe5 Qxe5 20. Bxe7 Bxg2 21. Kxg2 Qh5 22. f3 Qh1+ 23. Kf2 Rh2+ 24. Ke1 Rxd2 25. Kxd2 Qxf3 26. Rd1 Rh8 27. Bh4 Rh5 28. Kc2 Re5 29. Nd2 Re2 30. Re1 Qg2 31. Rxe2 Qxe2 32. a3 f5 33. Bg5 e5 34. Bh4 e4 35. dxe4 fxe4 36. Kc1 d3 0-1

[Event "Regionalliga SW 0304"]
[Site "Bayern"]
[Date "2003.11.23"]
[Round "3.6"]
[White "Schulz, Juergen2222"]
[Black "Weinberger, Wolfgang"]
[Result "1-0"]
[WhiteElo "2048"]
[BlackElo "2010"]
[PlyCount "54"]
[EventDate "2003.10.??"]
[EventType "team"]
[EventRounds "9"]
[EventCountry "GER"]
[SourceTitle "EXT 2006"]
[Source "ChessBase"]
[SourceDate "2005.11.24"]
[SourceVersion "1"]
[SourceVersionDate "2005.11.24"]
[SourceQuality "1"]
[WhiteTeam "Bayern Muenchen III"]
[BlackTeam "Garching"]
[WhiteTeamCountry "GER"]
[BlackTeamCountry "GER"]

1. c4 Nf6 2. Nc3 e6 3. Nf3 Bb4 4. g3 0-0 5. Bg2 Nc6 6. 0-0 d6 7. d4 Bxc3 8. bxc3 e5 9. Rb1 e4 10. Nd2 Re8 11. f3 Bf5 12. fxe4 Bxe4 13. Nxe4 Nxe4 14. Qd3 Qe7 15. Rxb7 d5 16. cxd5 Nd8 17. Rb2 Rc8 18. Rf4 Nf6 19. e4 g5 20. Rf5 h6 21. e5 Nh5 22. Bh3 f6 23. Bg4 Ng7 24. Rxf6 Nf7 25. Rbf2 Nxe5 26. dxe5 Rcd8 27. Qf3 Qxe5 1-0

[Event "Regionalliga SW 0102"]
[Site "Bayern"]
[Date "2002.02.03"]
[Round "5.7"]
[White "Steiner, Marcus"]
[Black "Weinberger, Wolfgang"]
[Result "0-1"]
[WhiteElo "1945"]
[BlackElo "2055"]
[PlyCount "46"]
[EventDate "2001.10.07"]
[EventType "team"]
[EventRounds "9"]
[EventCountry "GER"]
[SourceTitle "EXT 2003"]
[Source "ChessBase"]
[SourceDate "2002.11.25"]
[SourceVersion "1"]
[SourceVersionDate "2002.11.25"]
[SourceQuality "1"]
[WhiteTeam "Muenchen Suedost"]
[BlackTeam "Garching"]
[WhiteTeamCountry "GER"]
[BlackTeamCountry "GER"]

1. Nf3 Nf6 2. g3 e6 3. Bg2 Be7 4. c4 0-0 5. 0-0 c5 6. b3 Nc6 7. d3 Qc7 8. Bb2 d6 9. Nbd2 b6 10. Rc1 Bb7 11. Qc2 Rac8 12. Rfe1 Nd7 13. Bh3 Bf6 14. Ne4 Bd4 15. a3 f5 16. Ned2 Rce8 17. b4 f4 18. b5 fxg3 19. hxg3 d5 20. bxc6 Qxg3+ 21. Bg2 Bxf2+ 22. Kf1 Be3 23. cxd7 Qf2# 0-1

[Event "Regionalliga SW 0001"]
[Site "Bayern"]
[Date "2000.11.12"]
[Round "2.4"]
[White "Weinberger, Wolfgang"]
[Black "Rolle, Eric"]
[Result "1-0"]
[WhiteElo "2115"]
[BlackElo "1975"]
[PlyCount "97"]
[EventDate "2000.10.15"]
[EventType "team-tourn"]
[EventRounds "9"]
[EventCountry "GER"]
[SourceTitle "EXT 2020"]
[Source "ChessBase"]
[SourceDate "2019.10.17"]
[SourceVersion "1"]
[SourceVersionDate "2019.10.17"]
[SourceQuality "1"]
[WhiteTeam "Garching"]
[BlackTeam "Klosterlechfeld"]
[WhiteTeamCountry "GER"]
[BlackTeamCountry "GER"]

1. d4 d5 2. c4 e6 3. cxd5 exd5 4. Nc3 Nf6 5. Bg5 Be7 6. Qc2 0-0 7. e3 Nbd7 8. Rd1 c6 9. Bd3 Re8 10. Nge2 Ne4 11. Bxe7 Qxe7 12. 0-0 f5 13. Rde1 Qg5 14. Nd1 Nf8 15. f3 Nd6 16. Nec3 Qf6 17. Qf2 Ne6 18. Ne2 Bd7 19. Ndc3 Rad8 20. Qg3 Bc8 21. e4 Nxd4 22. Nf4 Nf7 23. exd5 Ne5 24. Nh5 Qh6 25. Rxe5 Qxh5 26. Qf4 Ne6 27. Qxf5 Qxf5 28. Bxf5 Nf4 29. Rxe8+ Rxe8 30. Be4 cxd5 31. Nxd5 Nxd5 32. Bxd5+ Kf8 33. Kf2 Be6 34. Bxe6 Rxe6 35. Rd1 Ke7 36. Re1 Rxe1 37. Kxe1 Kf6 38. Ke2 Kf5 39. Ke3 h5 40. h4 g6 41. g3 b6 42. Kd4 Ke6 43. a4 a6 44. b4 Kd6 45. a5 b5 46. g4 Ke6 47. Kc5 Ke5 48. gxh5 gxh5 49. Kb6 1-0

[Event "Regionalliga SW 9899"]
[Site "Bayern"]
[Date "1999.??.??"]
[Round "7.2"]
[White "Weinberger, Wolfgang"]
[Black "Bucan, Djordje"]
[Result "1-0"]
[WhiteElo "2090"]
[BlackElo "2150"]
[PlyCount "95"]
[EventDate "1998.??.??"]
[EventType "team-tourn"]
[EventRounds "9"]
[EventCountry "GER"]
[SourceTitle "EXT 2020"]
[Source "ChessBase"]
[SourceDate "2019.10.17"]
[SourceVersion "1"]
[SourceVersionDate "2019.10.17"]
[SourceQuality "1"]
[WhiteTeam "Garching"]
[BlackTeam "Muenchen Suedost"]
[WhiteTeamCountry "GER"]
[BlackTeamCountry "GER"]

1. d4 d6 2. Nf3 Nf6 3. e3 g6 4. Be2 Bg7 5. 0-0 0-0 6. c4 Nbd7 7. Nc3 e5 8. b3 Re8 9. Bb2 b6 10. Qc2 exd4 11. exd4 Nf8 12. Rfe1 Bg4 13. Ng5 Bxe2 14. Rxe2 Rxe2 15. Qxe2 Qd7 16. Nge4 Re8 17. Re1 Kh8 18. Qd2 Qf5 19. f3 d5 20. Nxf6 Rxe1+ 21. Qxe1 Bxf6 22. Nxd5 Qc2 23. Nxf6 Qxb2 24. Qe5 Ne6 25. Nd7+ Kg8 26. d5 Qxe5 27. Nxe5 Nf4 28. Kf1 f6 29. Nc6 a5 30. Na7 Nd3 31. Nb5 Nc1 32. Nc3 Kf7 33. Ke1 Nd3+ 34. Kd2 Nc5 35. Nb5 Na6 36. Kc3 Ke7 37. a3 Kd7 38. Nd4 Kd6 39. b4 axb4+ 40. axb4 h5 41. Nc6 Kd7 42. Kd4 Kd6 43. h4 Kd7 44. g4 Kd6 45. gxh5 gxh5 46. Ke4 Kd7 47. Kf5 Kd6 48. Kxf6 1-0

[Event "Regionalliga SW 9900"]
[Site "Bayern"]
[Date "1999.??.??"]
[Round "2.2"]
[White "Weinberger, Wolfgang"]
[Black "Hoy, Ralph"]
[Result "1-0"]
[WhiteElo "2065"]
[BlackElo "2005"]
[PlyCount "101"]
[EventDate "1999.??.??"]
[EventType "team-tourn"]
[EventRounds "9"]
[EventCountry "GER"]
[SourceTitle "EXT 2020"]
[Source "ChessBase"]
[SourceDate "2019.10.17"]
[SourceVersion "1"]
[SourceVersionDate "2019.10.17"]
[SourceQuality "1"]
[WhiteTeam "Garching"]
[BlackTeam "Klosterlechfeld"]
[WhiteTeamCountry "GER"]
[BlackTeamCountry "GER"]

1. Nf3 d5 2. g3 Nf6 3. Bg2 g6 4. 0-0 Bg7 5. d3 0-0 6. Nbd2 Re8 7. e4 e5 8. c3 dxe4 9. dxe4 Nbd7 10. Qe2 b6 11. Rd1 Qe7 12. Nc4 Ba6 13. Bg5 Qe6 14. Nfd2 Rad8 15. Bf1 Nc5 16. Qf3 Bb7 17. Bxf6 Bxf6 18. Ne3 Bg5 19. Bc4 Qd7 20. Nb3 Qe7 21. Nxc5 bxc5 22. Nd5 Bxd5 23. Bxd5 Rd6 24. Rd3 Red8 25. Rad1 h5 26. h4 Bh6 27. Qe2 Kg7 28. Bb3 Rxd3 29. Rxd3 Rd6 30. Rf3 Rf6 31. Rd3 Rd6 32. Rd5 Rxd5 33. Bxd5 Qd6 34. Qb5 Qe7 35. Qa6 g5 36. hxg5 Bxg5 37. Qxa7 h4 38. Qa6 hxg3 39. fxg3 Be3+ 40. Kg2 Qg5 41. Qf1 Bf4 42. Qf3 f6 43. Be6 Bc1 44. Qe2 Be3 45. Qd3 Bc1 46. Qd7+ Kh6 47. Bf5 Qg7 48. a4 Qxd7 49. Bxd7 Be3 50. Kf3 Bg1 51. c4 1-0

[Event "Regionalliga SO 9697"]
[Site "Bayern"]
[Date "1997.02.02"]
[Round "4"]
[White "Huch, Reiner"]
[Black "Weinberger, Wolfgang"]
[Result "1-0"]
[WhiteElo "2200"]
[BlackElo "1990"]
[PlyCount "63"]
[EventDate "1996.10.13"]
[EventType "team-tourn"]
[EventRounds "9"]
[EventCountry "GER"]
[SourceTitle "EXT 1999"]
[Source "ChessBase"]
[SourceDate "1998.11.16"]
[SourceVersion "1"]
[SourceVersionDate "1998.11.16"]
[SourceQuality "1"]
[WhiteTeam "Simbach"]
[BlackTeam "Freising SK"]
[WhiteTeamCountry "GER"]
[BlackTeamCountry "GER"]

1. d4 Nf6 2. Nf3 e6 3. e3 b6 4. Bd3 Bb7 5. Nbd2 d5 6. 0-0 Be7 7. b3 0-0 8. Bb2 Nbd7 9. c4 c5 10. Rc1 Rc8 11. Qe2 Re8 12. Ne5 Ne4 13. cxd5 exd5 14. Nxe4 dxe4 15. Bb5 Nxe5 16. dxe5 Bc6 17. Bxc6 Rxc6 18. Qg4 Qd2 19. Qxe4 Re6 20. Rc2 Qd7 21. f4 Rh6 22. Bc3 Kf8 23. Rd2 Qc8 24. Qf3 c4 25. b4 Rd8 26. Rxd8+ Bxd8 27. Rd1 Be7 28. Qd5 Ke8 29. Rd4 Rc6 30. h3 Qe6 31. Qb5 g6 32. Rd6 1-0